00600 a2200157 4500010001400000020002300014035001300037037001600050082001000066100002000076245013800096260004400234270007200278300004200350500005000392 aENG-89691 a8188661651c295.00 aEN-73224 bDBAD / PUB14a650.11 aTobias, Randall1 aPut the moose on the table:cby Randall Tobias with Todd Tobiasblessons in leadership from a CEO's journey through business and life aChennaibEastWest Books (Madras),c2008 a571, Poonamalle High Road, AminjikaraibChennaicTamil Nadue600029 axvi, 279p.:c21 cm. (Pbk)bb&w photos aIncludes bibliographical references & index.